[Event "HUN-chT2 Szechenyi 0203"]
[Site "Hungary"]
[Date "2002.12.08"]
[Round "4"]
[White "Simon, Miklos"]
[Black "Kropf, Laszlo Peter"]
[Result "1/2-1/2"]
[WhiteElo "1796"]
[BlackElo "1743"]
[PlyCount "40"]
[EventDate "2002.09.22"]
[EventType "team"]
[EventRounds "11"]
[EventCountry "HUN"]
[SourceTitle "EXT 2009"]
[Source "ChessBase"]
[SourceDate "2008.11.26"]
[SourceVersion "1"]
[SourceVersionDate "2008.11.26"]
[SourceQuality "1"]

1. e4 c5 2. Nf3 Nc6 3. d4 cxd4 4. Nxd4 Nf6 5. Nc3 b6 6. Bc4 e6 7. a3 a6 8. Be3 Ne5 9. Be2 b5 10. 0-0 Bb7 11. f3 Nc4 12. Bc1 Bc5 13. Bxc4 bxc4 14. Kh1 0-0 15. Be3 Ba7 16. Qe2 d5 17. e5 Nd7 18. f4 Nb8 19. Qf2 Bxd4 20. Bxd4 Nc6 1/2-1/2